[Event "Norway Chess 6th"]
[Site "Stavanger"]
[Date "2018.06.02"]
[Round "5"]
[White "Carlsen, Magnus"]
[Black "Anand, Viswanathan"]
[Result "1/2-1/2"]
[WhiteElo "2843"]
[BlackElo "2760"]
[Annotator "Yermolinsky,A"]
[PlyCount "89"]
[EventDate "2018.05.28"]
[EventType "tourn"]
[EventRounds "9"]
[EventCountry "NOR"]
[EventCategory "22"]
[SourceTitle "CBM 185"]
[Source "ChessBase"]
[SourceDate "2018.07.13"]
[SourceVersion "1"]
[SourceVersionDate "2018.07.13"]
[SourceQuality "1"]

1. c4 c5 2. Nf3 Nc6 3. d4 cxd4 4. Nxd4 Nf6 5. Nc3 e6 6. a3 {Introduced into
tournament practice in the 1990's this little move shows White's big ambition
to build up a big centre by preventing the black bishop from coming to b4.} Be7
{The d7-d5 break can be delayed.} ({In the past Anand and some members of his
coaching staff relied on} 6... d5 7. cxd5 exd5 8. Bg5 Bc5 9. e3 Bxd4 {which is
a dull but reliable way to equalise.}) 7. e4 ({Carlsen-Gelfand, 2009 saw a
different plan:} 7. g3 Qb6 8. Nf3 O-O 9. Bg2 Rd8 10. O-O d5 11. cxd5 exd5 {
the resulting position looks like it came from the Tarrasch Defence, possibly
with an extra tempo for Black thanks to White's Nf3-d4-f3.}) 7... O-O 8. Nf3 {
Normally White wouldn't retreat with that knight,} ({but} 8. Be2 d5 {is known
to be equal.}) 8... Qa5 $5 {Still a relatively fresh idea. Black insists on
his central break.} ({A Hedgehog-like formation can be reached via the standard
} 8... Qc7 9. Be2 b6 10. O-O Bb7 {Anand had this position with Black against
Vallejo back in 2005!}) 9. Bd2 {I'm rather surprised with this one.} ({One
would think the endgame up a pawn after the semi-forced} 9. Bd3 d5 10. exd5
exd5 11. cxd5 Nxd5 12. Bxh7+ Kxh7 13. Qxd5 Qa6 14. Bg5 Be6 15. Qb5 {would be
right up Carlsen's alley.}) 9... Qh5 10. Be2 d5 {So, the break goes through.}
11. cxd5 exd5 12. exd5 Nxd5 13. O-O ({Black absolutely doesn't mind the split
pawns after} 13. Nd4 Qe5 14. Nxc6 bxc6 {as his pawn formation provides support
to his Nd5, as seen in Huzman-Timofeev, 2016 and Inarkiev-Gelfand 2017}) 13...
Nf6 $5 {A novelty and improvement from Vishy, which was rather predictable.} ({
We talked about the c6-pawn in the note above, but here things take a bit of a
different shape after} 13... Rd8 14. Nd4 Qg6 15. Nxd5 Rxd5 16. Nxc6 bxc6 17.
Bf3 {as White got himself a free ride in Wojtaszek-Borisek, 2015. Naturally,
Carlsen wouldn't mind a repeat of such a scenario, but this being a Wojtaszek
game made it very unlikely to escape a careful examination in Anand's lab.})
14. Nd4 Qc5 15. Nxc6 Qxc6 16. Bf3 {White's only hope in this dry desert type
of position is the pressure against b7, but Black's next takes care of that.}
Qa6 $1 17. Re1 Be6 18. Qe2 Qxe2 19. Nxe2 Bg4 $1 20. Bxg4 Nxg4 {Dead equal. One
last thing left to do was to honour the 30-move rule.} 21. h3 Ne5 22. Nf4 Nc6
23. Nd5 Bd6 24. Bc3 f6 25. Rad1 Rad8 26. Rd2 Kf7 27. Red1 Bb8 28. Kf1 Rfe8 29.
Nb4 Rxd2 30. Rxd2 Bf4 31. Rd1 Rd8 32. Rxd8 Nxd8 33. Ke2 Bd6 34. Nc2 Nc6 35. Nd4
Nxd4+ 36. Bxd4 a6 37. Kd3 Ke6 38. Be3 Kd5 39. f3 b5 40. Bd2 f5 41. Be1 g6 42.
Bd2 Be7 43. Be1 Bd6 44. Bd2 Be7 45. Be1 1/2-1/2

[Event "SWE-ch"]
[Site "Linkoping"]
[Date "2001.07.02"]
[Round "2"]
[White "Akesson, Ralf"]
[Black "Eriksson, Anders"]
[Result "1-0"]
[WhiteElo "2467"]
[BlackElo "2354"]
[Annotator "Ziegler,A"]
[PlyCount "79"]
[EventDate "2001.06.30"]
[EventType "tourn"]
[EventRounds "13"]
[EventCountry "SWE"]
[EventCategory "8"]
[SourceTitle "CBM 085"]
[Source "ChessBase"]
[SourceDate "2001.11.13"]
[SourceVersion "1"]
[SourceVersionDate "2001.11.13"]
[SourceQuality "1"]

1. Nf3 c5 2. c4 Nc6 3. d4 cxd4 4. Nxd4 e6 5. Nc3 Nf6 6. Bg5 {g3 är vanligare.}
Be7 7. e3 O-O 8. Be2 b6 {Ribli menar att svart på detta sätt utnyttjar att
löparen står olyckligt på g5 genom att föra över spelet till
treradersuppställningen.} 9. O-O Bb7 10. Rc1 (10. Bxf6 Bxf6 11. Ndb5 Ne7 12.
Qb3 d6 13. Rfd1 Nc8 {Ett viktigt drag som säkrar lika spel.}) 10... a6 ({
Ett alternativ som kanske är bättre var} 10... Ne5 {Med idén att ställa
springaren på det det dynamiska d7-fältet.}) 11. Qd2 Rc8 12. Nxc6 {Det var nog
lika bra att eliminera springaren.} Bxc6 (12... dxc6 {Är tämligen lika.}) 13.
Rfd1 Qc7 14. e4 {[#] Nu har svart kommit lite snett. Man brukar ha bonden på
d6 eftersom det ökar flexibiliteten i ställningen. De närmaste dragen kan
förstås som att vit försöker förhindra ...d6.} Rfd8 ({Ofta är det dock så att
det man vill göra också går. Men då måste man vilja tillräckligt mycket så att
man övervinner hindren. Låt oss titta på ...d6:} 14... d6 15. Bxf6 Bxf6 16.
Qxd6 {Vit har kanske ett minimalt plus, men svart har löparparet och en solid
ställning.} Qxd6 17. Rxd6 Rfd8 18. Rxd8+ Rxd8 19. Rc2 {Och frågan är om vits
löpare någonsin kommer göra annat än att titta på sina egna bönder.}) 15. Qe3
h6 (15... d6 16. Bxf6 Bxf6 17. Nd5 $1 exd5 18. cxd5 Qb7 19. dxc6 Rxc6 20. Rxc6
Qxc6 21. b4 {Och vit har ett litet övertag.}) 16. Bf4 Qb7 (16... e5 {Dämpar
vits aktivitet temporärt men lämnar svart med en kavitet på d5.}) 17. e5 {
Vit sätter dit den ordentligt.} Ne8 18. Qg3 b5 {Det här är vanligt. Först när
man är riktigt illa ute offrar man. Men då krävs det inget mod.} 19. cxb5 axb5
20. Bxh6 b4 21. Nb1 Bd5 22. Nd2 (22. a4 $1) 22... Rxc1 23. Rxc1 Rc8 ({Svart
kunde även aktivera tornet med:} 23... d6) 24. Nc4 Qa6 25. b3 Qxa2 26. Bf1 {
[#] Svart är tillbaks i matchen igen.} f5 27. exf6 Bxf6 28. Rd1 {Vit hotar Sb6
och svart måste parera det på något sätt.} Bc3 $2 (28... Qc2 $1) 29. Nb6 Rc7
30. Qg6 {Svart är ute på djupt vatten igen. Dessutom har Anders dåligt med tid.
} Kf8 31. Bf4 Qxb3 (31... Ra7) 32. Rd3 Bc6 33. Rh3 Ke7 34. Qg5+ Kf7 35. Bxc7
Qd1 36. Rd3 Qe1 37. Bg3 b3 38. Re3 Qd2 39. Nc4 Qd4 40. Rd3 {Svart förlorar på
tid i en hopplös ställning.} 1-0